000 00297nam a22001337a 4500
008 170213b xxu||||| |||| 00| 0 eng d
020 _a0874752000
041 _aeng
080 _a61
100 _a4
101 _aSHM
245 _aMEDICAL AND HEALTH ENCYCLOPEDIA
_cSTUTTMAN, H.S
942 _2udc
_cBK
999 _c5213
_d5213